000 00650nam a2200181 a 4500
008 071022s1999 ||||||||||||||||| || u
020 _a0821344927
050 _aIBRD(06)CS/1999/8
110 _aWorld Bank
245 1 0 _aPoverty and social developments in Peru, 1994-1997
260 _aWashington, D.C.
_bWorld Bank
_c1999
350 _a0.00
490 _aWorld Bank Country Study
650 _aPERU--SOCIAL POLICY
650 _aPERU--SOCIAL CONDITIONS
650 _aPOVERTY--PERU
995 _D0.00
_FCBU-MAIN LIBRARY (Kitwe)
_H1
_I0.00
_M1
_UAVAILABLE
_WOct 22, 2007
_ZInternational Publications
999 _c54107
_d54107